Quick Pick: U.S. Holidays Quiz Stats

 Plays Quiz Updated Feb 15, 2016

Challenge
Share
Tweet
Embed
Score 0/12 Timer 01:00
0 Plays Today
% Correct
Christmas Day
95.5%
New Year's Day
94.4%
Halloween
94.3%
Independence Day
94.2%
Thanksgiving
90%
St. Patrick's Day
85.4%
Easter
84.2%
Martin Luther King, Jr. Day
83.4%
Labor Day
81.5%
Mother's Day
81.1%
Veterans Day
78.4%
Memorial Day
75.7%

Today's Daily Dose

You're not logged in!

Compare scores with friends on all Sporcle quizzes.
Join for Free
OR
Log In

You Might Also Like...

Show Comments

Extras

Top Quizzes Today


Score Distribution

Your Account Isn't Verified!

In order to create a playlist on Sporcle, you need to verify the email address you used during registration. Go to your Sporcle Settings to finish the process.

Report this User

Report this user for behavior that violates our Community Guidelines.

Details: